An introduction to computer logic / (Record no. 17957)

MARC details
000 -LEADER
fixed length control field 00759nam a2200241 4500
005 - DATE AND TIME OF LATEST TRANSACTION
control field 20260212124720.0
006 - FIXED-LENGTH DATA ELEMENTS--ADDITIONAL MATERIAL CHARACTERISTICS--GENERAL INFORMATION
fixed length control field 000
007 - PHYSICAL DESCRIPTION FIXED FIELD--GENERAL INFORMATION
fixed length control field 000
008 - FIXED-LENGTH DATA ELEMENTS--GENERAL INFORMATION
fixed length control field 000
020 ## - INTERNATIONAL STANDARD BOOK NUMBER
International Standard Book Number 0134800125
040 ## - CATALOGING SOURCE
Original cataloging agency UOEL
050 ## - LIBRARY OF CONGRESS CALL NUMBER
Classification number TK7888.4
Item number .N33 1975
100 ## - MAIN ENTRY--PERSONAL NAME
Personal name Nagle, Troy H. Jr.
245 ## - TITLE STATEMENT
Title An introduction to computer logic /
Statement of responsibility, etc H. Troy Nagle, Jr., B. D. Carroll and J. David Irwin.
260 ## - PUBLICATION, DISTRIBUTION, ETC. (IMPRINT)
Place of publication, distribution, etc New Jersey :
Name of publisher, distributor, etc Prentice - Hall, Inc.,
Date of publication, distribution, etc c1975
300 ## - PHYSICAL DESCRIPTION
Extent xiv, 529 p. :
440 ## - SERIES STATEMENT/ADDED ENTRY--TITLE
Title Computer application in electrical engineering series /
500 ## - GENERAL NOTE
General note Includes bibliographical references and index
650 ## - SUBJECT ADDED ENTRY--TOPICAL TERM
Topical term or geographic name as entry element logic circuits
Form subdivision Electronic digital
700 ## - ADDED ENTRY--PERSONAL NAME
Personal name Nagle, Troy H. Jr., Carroll, B. D. and Irwin, David J.
Relator term author
710 ## - ADDED ENTRY--CORPORATE NAME
Relator term author
942 ## - ADDED ENTRY ELEMENTS (KOHA)
Source of classification or shelving scheme Library of Congress Classification
Item type BOOK
Holdings
Withdrawn status Lost status Source of classification or shelving scheme Damaged status Not for loan Home library Current library Date acquired Total Checkouts Full call number Barcode Date last seen Copy number Price effective from Koha item type
    Library of Congress Classification     UOE Main Library UOE Main Library 12/02/2026   TK7888.4 .N33 1975 20136230 12/02/2026 20136230 12/02/2026 BOOK